000 00292nam a22001337a 4500
008 181031b xxu||||| |||| 00| 0 eng d
020 _a9780312157616
041 _aeng
080 _a341
100 _a15
101 _aSHJ
245 _aEthics for Modern Life
_cAbelson, R
942 _2udc
_cBK
999 _c51328
_d51328